| 000 | 01271cam a2200277 4500 | ||
|---|---|---|---|
| 008 | 020816n2003 000 0 eng u | ||
| 020 | _a1842191144 | ||
| 022 | _a1478-4971 | ||
| 035 | _a(Sirsi) u119793 | ||
| 041 | _aeng. | ||
| 050 |
_a306.1 _c18 |
||
| 100 | _aBall, Michael | ||
| 245 | _aImproving housing markets | ||
| 260 |
_aLondon _bRICS _c2003 |
||
| 490 | _aRICS Leading Edge Series | ||
| 520 | _aConsiders the problems of housing supply worldwide. Argues the case for market processes as the best way to deal with housing problems, and against government intervention. The latter has been the hallmark of housing policy around the world for much of the post-1945 period. The report is freely available to download from the RICS website. | ||
| 650 | _aHOUSING SUPPLY | ||
| 650 | _aHOUSING SHORTAGE | ||
| 650 | _aHOUSING POLICY | ||
| 650 | _aINTERNATIONAL | ||
| 690 | _aPROPERTY-RESIDENTIAL PROPERTY-RESIDENTIAL PROPERTY MARKET | ||
| 710 |
_aRoyal Institution of Chartered Surveyors _bPolicy Unit _94169 |
||
| 710 |
_aRoyal Institution of Chartered Surveyors _bResidential Property Faculty _94304 |
||
| 856 |
_uhttps://www.rics.org/site/scripts/download_info.aspx?downloadID=3181 _z View the report (pdf 334kb) on the RICS website... |
||
| 942 | _n0 | ||
| 999 |
_c102397 _d102397 |
||